000 00908nam0a22002771 4500
001 v19\rc\1944986
005 20251118180853.8
035 _a(NLR Aleph) 005030808
090 _a6688953
_c6688953
100 _a20080428d1912 |||y0rusy50 ca
101 0 _arus
102 _aRU
105 _ay j |||||
200 1 _aУчебник новой истории для средней школы
_fА.Г. Вульфиус, преп. Жен. пед. ин-та
205 _a2-е изд.
210 _aСанкт-Петербург
_cЯ. Башмаков и К°
_d1912
215 _a[4], 261 с.
_d22
700 1 _aВульфиус
_bА. Г.
_f1880-
_gАлександр Германович
801 0 _aRU
_bNLR
_gpsbo
801 0 _aRU
_bRuMoRGB
_2psbo
801 1 _aRU
_bProSoft-M
_2rusmarc
852 _aNLR
_j37.43.4.56
899 _aRuMoRGB
_jG 82/104
899 _aRuMoRGB
_jF 114/162
942 _cBOOK
980 _aNB